| 000 | 00704nam a2200217 a 4500 | ||
|---|---|---|---|
| 001 | 000024726 | ||
| 005 | 20200930023331.0 | ||
| 008 | 110202s1988 ag r 000 0 spa d | ||
| 020 | _a9501505146 | ||
| 040 |
_aDO-SdBNP _bspa _cBNPHU |
||
| 082 |
_ann* _bnn* |
||
| 100 | 1 |
_aKusnetzoff, Juan Carlos. _950729 |
|
| 245 | 1 | 3 |
_aEl hombre sexualmente feliz : _bdel mito a la verdad científica / _cJuan Carlos Kusnetzoff ; prólogo Carlos A. Saenz. |
| 260 |
_aBuenos Aires : _bJavier Vergara, _c1988. |
||
| 300 |
_a290 p. ; _c21 cm. |
||
| 490 | 1 | _aPara vivir mejor | |
| 504 | _aBibliografía : 283-290 p. | ||
| 700 | 1 |
_aSaenz, Carlos A., _epról. _950730 |
|
| 830 | 0 |
_aPara vivir mejor _950731 |
|
| 049 | _aBNGR | ||
| 999 |
_c24219 _d24219 |
||